00425nam a2200157Ia 450000500170000000800460001702000180006304000140008104100130009508400120010810000290012024500500014926000290019930000160022870000230024420250612143450.0008 250505s9999 xx 000 0 eng d a9789391211042 bengcILCL aeng2eng aZ64 R3 aSinha, Manoj Kumar (Ed.) 0aLegal Research and Writing - new perspectives aDelhibLexis Nexisc2023 axxxiv,460p. aKharb, Deepa (Ed.)